ការស្រាវជ្រាវពូជស្រូវនៅកម្ពុជារបស់វិទ្យាស្ថានស្រាវជ្រាវនិងអភិវឌ្ឍន៍កសិកម្មកម្ពុជាក្នុងគោលបំណងរួមចំនែកធានានូវសន្តិសុខស្បៀងក្នុងខេត្តកំពត (Record no. 7756)

000 -LEADER
fixed length control field 00802nam a22001577a 4500
003 - CONTROL NUMBER IDENTIFIER
control field OSt
005 - DATE AND TIME OF LATEST TRANSACTION
control field 20160323141249.0
008 - FIXED-LENGTH DATA ELEMENTS--GENERAL INFORMATION
fixed length control field 160323b xxu||||| |||| 00| 0 eng d
040 ## - CATALOGING SOURCE
Transcribing agency RUA
082 ## - DEWEY DECIMAL CLASSIFICATION NUMBER
Classification number ATM BUN 2004 B473 Or.1
100 ## - MAIN ENTRY--PERSONAL NAME
9 (RLIN) 8143
Personal name BUN NARIN, ប៊ុន​​ ណារិន
245 ## - TITLE STATEMENT
Title ការស្រាវជ្រាវពូជស្រូវនៅកម្ពុជារបស់វិទ្យាស្ថានស្រាវជ្រាវនិងអភិវឌ្ឍន៍កសិកម្មកម្ពុជាក្នុងគោលបំណងរួមចំនែកធានានូវសន្តិសុខស្បៀងក្នុងខេត្តកំពត
260 ## - PUBLICATION, DISTRIBUTION, ETC. (IMPRINT)
Place of publication, distribution, etc. Phnom Penh
Name of publisher, distributor, etc. RUA
Date of publication, distribution, etc. 2004
300 ## - PHYSICAL DESCRIPTION
Extent iii; 38p.
Other physical details ill.
Dimensions 29cm.
942 ## - ADDED ENTRY ELEMENTS (KOHA)
Source of classification or shelving scheme
Koha item type ATM
Holdings
Price effective from Date last seen Permanent Location Not for loan Date acquired Source of classification or shelving scheme Koha item type Lost status Withdrawn status Date last checked out Total Checkouts Shelving location Damaged status Barcode Current Location Full call number
2016-03-232020-07-15Library Block B 2016-03-23 ATM  2020-03-091B473 RUA41432Library Block BATM BUN 2004 B473 Or.1
2016-03-242016-03-24Library Block B 2016-03-24 ATM      RUA40845Library Block BATM BUN 2004 B473 Or.2
មជ្ឈមណ្ឌលឯការនៃសាកលវិទ្យាល័យភូមិន្ទកសិកម្មចំការដូង

Powered by Koha